000 01191nam a2200325 a 4500
001 000108879
003 CHAP
005 20220329144028.0
008 140318s2013 mx sm |||||||spa d
010 _a105341
011 _a106313
040 _cCHAP
090 _aTesis
100 1 _aGutierrez Flores, Nataly
_9125951
245 1 0 _aProblemática socieconomica de la prostitución voluntaria en la zona límite de Puebla y Tlaxcala
_h[En línea]
_cpor Nataly Gutierrez Flores.
260 _aChapingo, Méx. :
_bEl autor,
_c2013.
500 _aPara ver el contenido del material haga clic en la liga
502 _aTesis (Ing. Agr. Esp. en Sociología Rural) -- UACH. Sociología Rural
590 _aBATCH-UPD
_b05
_c20140324
_lUCH01
_h1536
590 _aBATCH-UPD
_b05
_c20141002
_lUCH01
_h0858
590 _aE5765TAJ
_b05
_c20140318
_lUCH01
_h0951
590 _aE5765TAJ
_b05
_c20140318
_lUCH01
_h0952
650 1 4 _aCondiciones económicas.
_926324
650 1 4 _aTrabajo de la mujer
_xTlaxcala.
_9114494
650 1 4 _aTrabajo de la mujer
_zPuebla.
_9114498
856 _aFinding aid
_uhttp://10.13.5.2/tesis/sist108879.pdf
_zTeclea aquí
901 _aBK
942 _cTESIS
942 _n0
999 _c105341
_d105341